000 00708cab a2200217 4500
001 WB3502-11
008 090401t1999 xxu||||| |||| 00| 0 eng d
035 _a(Sirsi) u90704
041 _aeng
245 _aRegional variations in house prices
260 _c1999
350 _a0
490 _aGuardian
_v14 January 1999, 22(1)
520 _aLatest figures from the Halifax report a 1% increase in house prices in 4Q 1998 although prices fell by 0.1% in December. Regional figures and quarterly changes.
650 _aHALIFAX
650 _aHOUSE PRICES
650 _aREGIONAL VARIATIONS
690 _aPROPERTY-RESIDENTIAL PROPERTY-RESIDENTIAL PROPERTY MARKET
942 _n0
948 _c14/01/1999
999 _c57520
_d57520